Birth of Freedom (Record no. 576924)

MARC details
000 -LEADER
fixed length control field 00736nam a2200157Ia 4500
008 - FIXED-LENGTH DATA ELEMENTS--GENERAL INFORMATION
fixed length control field 250723s9999 xx 000 0 und d
020 ## - INTERNATIONAL STANDARD BOOK NUMBER
ISBN 9781439154267
082 ## - DEWEY DECIMAL CLASSIFICATION NUMBER
Classification number 947
Item number NAG
100 ## - MAIN ENTRY--AUTHOR NAME
Personal name Nagorski, Andrew
245 #0 - TITLE STATEMENT
Title Birth of Freedom
260 ## - PUBLICATION, DISTRIBUTION, ETC. (IMPRINT)
Name of publisher Simon & Schuster
Year of publication 2008
500 ## - GENERAL NOTE
General note From Simon & Schuster, The Birth of Freedom, author Andrew Nagorski provides an unprecedented personal look at the individuals and issues in the newly free nations of Eastern Europe. Andrew Nagorski takes readers into the hearts of Poland, Hungary, the Czech Republic, and Slovakia as they undergo the painful yet exhilarating transformation into modern democratic states.
650 ## - SUBJECT ADDED ENTRY--TOPICAL TERM
Topical Term History
942 ## - ADDED ENTRY ELEMENTS (KOHA)
Koha item type English Books
Holdings
Withdrawn status Lost status Damaged status Not for loan Home library Current library Shelving location Date acquired Full call number Accession Number Price effective from Koha item type
        Anna Centenary Library Anna Centenary Library 7TH FLOOR, B WING 23.07.2025 947 NAG 474192 23.07.2025 English Books

Find us on the map